<?xml version="1.0" encoding="UTF-8"?>
<record
    xmlns:xsi="http://www.w3.org/2001/XMLSchema-instance"
    xsi:schemaLocation="http://www.loc.gov/MARC21/slim http://www.loc.gov/standards/marcxml/schema/MARC21slim.xsd"
    xmlns="http://www.loc.gov/MARC21/slim">

  <leader>01061nam0a22002771  4500</leader>
  <controlfield tag="001">rc\3702812</controlfield>
  <controlfield tag="005">20260406081918.0</controlfield>
  <datafield tag="021" ind1=" " ind2=" ">
    <subfield code="a">RU</subfield>
    <subfield code="b">[74-17183]</subfield>
  </datafield>
  <datafield tag="035" ind1=" " ind2=" ">
    <subfield code="a">(NLR Aleph) 007763723</subfield>
  </datafield>
  <datafield tag="090" ind1=" " ind2=" ">
    <subfield code="a">7394277</subfield>
    <subfield code="c">7394277</subfield>
  </datafield>
  <datafield tag="100" ind1=" " ind2=" ">
    <subfield code="a">20130115d1974    |||y0rusy50      ca</subfield>
  </datafield>
  <datafield tag="101" ind1="0" ind2=" ">
    <subfield code="a">rus</subfield>
  </datafield>
  <datafield tag="102" ind1=" " ind2=" ">
    <subfield code="a">RU</subfield>
  </datafield>
  <datafield tag="105" ind1=" " ind2=" ">
    <subfield code="a">c   z   |||a|</subfield>
  </datafield>
  <datafield tag="200" ind1="1" ind2=" ">
    <subfield code="a">&#x41E;&#x441;&#x43E;&#x431;&#x43E;&#x435; &#x43F;&#x43E;&#x434;&#x440;&#x430;&#x437;&#x434;&#x435;&#x43B;&#x435;&#x43D;&#x438;&#x435;</subfield>
    <subfield code="e">&#x41F;&#x43E;&#x432;&#x435;&#x441;&#x442;&#x438;</subfield>
    <subfield code="f">[&#x41F;&#x43E;&#x441;&#x43B;&#x435;&#x441;&#x43B;. &#x411;. &#x41B;&#x435;&#x43E;&#x43D;&#x43E;&#x432;&#x430;]</subfield>
  </datafield>
  <datafield tag="210" ind1=" " ind2=" ">
    <subfield code="a">&#x41C;&#x43E;&#x441;&#x43A;&#x432;&#x430;</subfield>
    <subfield code="c">&#x412;&#x43E;&#x435;&#x43D;&#x438;&#x437;&#x434;&#x430;&#x442;</subfield>
    <subfield code="d">1974</subfield>
  </datafield>
  <datafield tag="215" ind1=" " ind2=" ">
    <subfield code="a">400 &#x441;., 1 &#x43B;. &#x43F;&#x43E;&#x440;&#x442;&#x440;.</subfield>
    <subfield code="d">20</subfield>
  </datafield>
  <datafield tag="327" ind1="1" ind2=" ">
    <subfield code="a">&#x421;&#x43E;&#x434;&#x435;&#x440;&#x436;.: &#x421;&#x442;&#x435;&#x43F;&#x430;&#x43D; &#x411;&#x443;&#x43A;&#x43E;&#x432;; &#x41F;&#x435;&#x442;&#x440; &#x420;&#x44F;&#x431;&#x438;&#x43D;&#x43A;&#x438;&#x43D;; &#x421;&#x438;&#x434;&#x43E;&#x440; &#x426;&#x44B;&#x43F;&#x43B;&#x430;&#x43A;&#x43E;&#x432;</subfield>
  </datafield>
  <datafield tag="464" ind1=" " ind2="0">
    <subfield code="1">2001#$a&#x421;&#x442;&#x435;&#x43F;&#x430;&#x43D; &#x411;&#x443;&#x43A;&#x43E;&#x432;$a&#x41F;&#x435;&#x442;&#x440; &#x420;&#x44F;&#x431;&#x438;&#x43D;&#x43A;&#x438;&#x43D;$a&#x421;&#x438;&#x434;&#x43E;&#x440; &#x426;&#x44B;&#x43F;&#x43B;&#x430;&#x43A;&#x43E;&#x432;</subfield>
    <subfield code="t">&#x421;&#x438;&#x434;&#x43E;&#x440; &#x426;&#x44B;&#x43F;&#x43B;&#x430;&#x43A;&#x43E;&#x432;</subfield>
  </datafield>
  <datafield tag="700" ind1=" " ind2="1">
    <subfield code="8">rus</subfield>
    <subfield code="7">ca</subfield>
    <subfield code="a">&#x41A;&#x43E;&#x436;&#x435;&#x432;&#x43D;&#x438;&#x43A;&#x43E;&#x432;</subfield>
    <subfield code="b">&#x412;.&#x41C;.</subfield>
    <subfield code="g">&#x412;&#x430;&#x434;&#x438;&#x43C; &#x41C;&#x438;&#x445;&#x430;&#x439;&#x43B;&#x43E;&#x432;&#x438;&#x447;</subfield>
    <subfield code="f">1909-1984</subfield>
    <subfield code="3">RU\NLR\auth\7746721</subfield>
    <subfield code="9">29656</subfield>
  </datafield>
  <datafield tag="702" ind1=" " ind2="1">
    <subfield code="a">&#x41B;&#x435;&#x43E;&#x43D;&#x43E;&#x432;</subfield>
    <subfield code="b">&#x411;.</subfield>
    <subfield code="4">080</subfield>
  </datafield>
  <datafield tag="801" ind1=" " ind2="0">
    <subfield code="a">RU</subfield>
    <subfield code="b">NLR</subfield>
    <subfield code="g">psbo</subfield>
  </datafield>
  <datafield tag="801" ind1=" " ind2="1">
    <subfield code="a">RU</subfield>
    <subfield code="b">ELAR</subfield>
    <subfield code="2">rusmarc</subfield>
  </datafield>
  <datafield tag="852" ind1=" " ind2=" ">
    <subfield code="a">NLR</subfield>
    <subfield code="j">73-3/11162</subfield>
  </datafield>
  <datafield tag="942" ind1=" " ind2=" ">
    <subfield code="c">BOOK</subfield>
  </datafield>
  <datafield tag="980" ind1=" " ind2=" ">
    <subfield code="a">NB</subfield>
  </datafield>
  <datafield tag="995" ind1=" " ind2=" ">
    <subfield code="5">2013-10-26</subfield>
    <subfield code="b">NLR01</subfield>
    <subfield code="c">NLR01</subfield>
    <subfield code="e">RF91</subfield>
    <subfield code="f">7763723-10</subfield>
    <subfield code="k">73-3/11162</subfield>
    <subfield code="o">0</subfield>
    <subfield code="r">BOOK</subfield>
    <subfield code="s">73311162_</subfield>
  </datafield>
</record>
